| 000 | 00888 a2200205 4500 | ||
|---|---|---|---|
| 003 | Nust | ||
| 005 | 20221007174907.0 | ||
| 010 | _a 91010247 | ||
| 020 | _a0024154814 | ||
| 040 | _cNust | ||
| 082 | 0 | 0 | _a005.43,STA |
| 100 | 1 | _aStallings, William. | |
| 245 | 1 | 0 |
_aOperating systems internals and design principles/ _cWilliam Stallings. |
| 250 | _a6th ed | ||
| 260 |
_aNew York : _bMacmillan ; _aToronto : _bMaxwell Macmillan Canada ; _aNew York : _bMaxwell Macmillan International, _cc2009. |
||
| 300 |
_axvl, 682 p. : _bill. ; _c24 cm. |
||
| 505 | _aPART-1: Background (Page-6) PART-2: Processes (Page-105) PART-3: Memory (Page-309) PART-4: Scheduling (Page-404) PART-5: Input/Output and Files (Page-494) PART-6: Embedded Systems (Page-601) PART-7: Security (Page-634) PART-8: Distributed Systems (Page-707). | ||
| 650 | 0 | _aOperating systems (Computers) | |
| 942 |
_2ddc _cBK _k005.43,STA |
||
| 999 |
_c189470 _d189470 |
||